00405 a2200169 4500003000500000005001700005010001300022040000900035082001500044100002100059245004200080260004100122300001800163600002100181650002300202651001000225Nust20230201115916.0 a38023776 cNust a808.83,LOR aLorac, E. C. R., aBats in the belfry / cE. C. R. Lorac aNew YorkbThe Macaulay companyc1937 a255 p.b20 cm aLorac, E. C. R., aBats in the belfry aNovel